| 000 | 00624nam a22001457a 4500 | ||
|---|---|---|---|
| 005 | 20241015091128.0 | ||
| 008 | 241015b |||||||| |||| 00| 0 eng d | ||
| 100 |
_aMorrone, Michelle Henault. _eauthor. _962916 |
||
| 245 |
_aA hopeful and sustainable future : _ba model of caring and inclusion at a Sweldish preschool / _cMichelle Henault Morrone, and Yumi Matsuyama. |
||
| 260 |
_aWashington; _bTaylor & Francis Group, _cSeptember-October 2020. |
||
| 300 |
_aVolume 96, pages 64-68, _billustration. |
||
| 700 |
_aMorrone, Michelle Henault. _eauthor. _962915 |
||
| 700 |
_aMatsuyama, Yumi. _eauthor. _962917 |
||
| 942 |
_2ddc _cPER |
||
| 999 |
_c22549 _d22549 |
||